|
|
|
|
| LEADER |
01164nam a22002892a 4500 |
| 001 |
000798074 |
| 003 |
CZ BrMZK |
| 005 |
20131004135255.0 |
| 007 |
ta |
| 008 |
051121s1968 xr er|||||||||||cze d |
| 015 |
|
|
|a cnb000423193
|
| 035 |
|
|
|a (OCoLC)19373289
|
| 040 |
|
|
|a ABA001
|b cze
|c PNA001
|d BOA001
|
| 041 |
1 |
|
|a cze
|h ger
|
| 100 |
1 |
|
|a Stifter, Adalbert,
|d 1805-1868
|7 jn19990009997
|4 aut
|
| 245 |
1 |
0 |
|a Pozdní léto /
|c Adalbert Stifter ; z německého originálu ... přeložila Jitka Fučíková ; doslov Eduard Goldstücker
|
| 250 |
|
|
|a 1. vyd.
|
| 260 |
|
|
|a Praha :
|b Odeon,
|c 1968
|
| 300 |
|
|
|a 509 s. ;
|c 8°
|
| 765 |
0 |
|
|t Nachsommer
|9 Česky
|
| 700 |
1 |
|
|a Goldstücker, Eduard,
|d 1913-2000
|7 jk01032520
|4 wfw
|
| 856 |
4 |
1 |
|u http://www.digitalniknihovna.cz/mzk/uuid/uuid:9f2db8e0-f05f-11e3-a2c6-005056827e51
|y Digitalizovaný dokument
|x NDK
|
| 910 |
|
|
|a BOA001
|b 2-0599.114
|b PK-0049.856
|
| 920 |
|
|
|a 000124808
|
| 990 |
|
|
|a BK
|
| 996 |
7 |
|
|b 2610874852
|c 2-0599.114
|l Sklad H1
|r Sklad / do 24 hodin
|n 6
|p dar
|h HS212
|w 000798074
|u 000030
|a 1
|e BOA001
|j MZK50
|s A
|
| 996 |
6 |
|
|b 2619970216
|c 2-0599.114
|l Sklad H1
|r Sklad / do 24 hodin
|n 31
|h HS212
|w 000798074
|u 000020
|a 1
|e BOA001
|j MZK50
|s P
|